[Event "GER-ch Seniors 65 31st"]
[Site "Radebeul"]
[Date "2019.04.26"]
[Round "1"]
[White "Huelsmann, Josef"]
[Black "Juergens, Peter1111"]
[Result "1-0"]
[WhiteElo "2215"]
[BlackElo "1899"]
[PlyCount "81"]
[EventDate "2019.04.26"]
[EventType "swiss"]
[EventRounds "9"]
[EventCountry "GER"]
[SourceTitle "CBM 190 Extra"]
[Source "ChessBase"]
[SourceDate "2019.07.15"]
[SourceVersion "1"]
[SourceVersionDate "2019.07.15"]
[SourceQuality "1"]

1. d4 e6 2. Nf3 Nf6 3. c4 b6 4. Nc3 Bb7 5. e3 Be7 6. Bd3 d5 7. cxd5 exd5 8. Ne5 0-0 9. 0-0 c5 10. Qf3 Nbd7 11. Qh3 c4 12. Bxh7+ Nxh7 13. Qxd7 Qxd7 14. Nxd7 Rfd8 15. Ne5 Nf8 16. Bd2 f6 17. Nf3 Bc6 18. Rfe1 b5 19. b4 a5 20. Ne2 a4 21. g4 Kf7 22. Kg2 Ne6 23. h4 g6 24. Rh1 Bd6 25. Ne1 Rh8 26. Nc2 Rh7 27. f3 Rah8 28. Be1 f5 29. Bg3 Bxg3 30. Kxg3 Kg7 31. Nf4 Kf6 32. Nxe6 Kxe6 33. Ne1 Bd7 34. Ng2 Kf6 35. Nf4 Bc6 36. Raf1 Re7 37. Re1 Rhe8 38. g5+ Kg7 39. h5 gxh5 40. Nxh5+ Kf7 41. Kf4 1-0

[Event "GER-ch Seniors 65"]
[Site "Hamburg"]
[Date "2018.07.27"]
[Round "7"]
[White "Boost, Juergen"]
[Black "Huelsmann, Josef"]
[Result "0-1"]
[WhiteElo "1969"]
[BlackElo "2237"]
[PlyCount "88"]
[EventDate "2018.07.21"]
[EventType "swiss"]
[EventRounds "9"]
[EventCountry "GER"]
[SourceTitle "CBM 186 Extra"]
[Source "ChessBase"]
[SourceDate "2018.08.24"]
[SourceVersion "1"]
[SourceVersionDate "2018.08.24"]
[SourceQuality "1"]

1. e4 e6 2. d4 d5 3. Nc3 Nf6 4. Bg5 Bb4 5. e5 h6 6. Bd2 Bxc3 7. bxc3 Ne4 8. Nf3 c5 9. Bd3 Nc6 10. 0-0 Qa5 11. Bxe4 dxe4 12. Ne1 cxd4 13. cxd4 Qd5 14. c3 b6 15. Nc2 Ba6 16. Ne3 Qd7 17. Re1 Bd3 18. f3 Na5 19. fxe4 Bxe4 20. Nc4 Nxc4 21. Rxe4 0-0-0 22. Be1 Qd5 23. Qf3 Rd7 24. Rf4 Qxf3 25. Rxf3 Kb7 26. h4 h5 27. Rc1 Rc8 28. Rc2 Kc6 29. Rcf2 Rcc7 30. Kh2 Kb5 31. Kh3 Ka4 32. g4 hxg4+ 33. Kxg4 b5 34. h5 b4 35. Rg2 f5+ 36. exf6 gxf6 37. Kh4 Nb6 38. h6 bxc3 39. Bxc3 Nd5 40. Bb2 Rf7 41. Kh5 f5 42. Kg6 Rf6+ 43. Kg5 Rf8 44. Rh2 Rg8+ 0-1

[Event "GER-ch Seniors 65"]
[Site "Hamburg"]
[Date "2018.07.21"]
[Round "1"]
[White "Schulz, Gerhard1111"]
[Black "Huelsmann, Josef"]
[Result "0-1"]
[WhiteElo "1835"]
[BlackElo "2237"]
[PlyCount "67"]
[EventDate "2018.07.21"]
[EventType "swiss"]
[EventRounds "9"]
[EventCountry "GER"]
[SourceTitle "CBM 186 Extra"]
[Source "ChessBase"]
[SourceDate "2018.08.24"]
[SourceVersion "1"]
[SourceVersionDate "2018.08.24"]
[SourceQuality "1"]

1. d4 d5 2. Nf3 c6 3. e3 Bf5 4. Bd3 Bxd3 5. Qxd3 e6 6. 0-0 Nd7 7. Nbd2 f5 8. c4 Qf6 9. b3 Bd6 10. Bb2 Ne7 11. cxd5 exd5 12. Qc3 Ng6 13. b4 Qe7 14. b5 cxb5 15. Qb3 Nb6 16. Qxb5+ Qd7 17. Qxd7+ Kxd7 18. Ne5+ Ke6 19. f4 Na4 20. Nd3 Rhc8 21. Rfc1 Nxb2 22. Nxb2 Ba3 23. Rxc8 Rxc8 24. Nd1 Nh4 25. Rb1 Rc2 26. Nf1 b6 27. g3 Nf3+ 28. Kh1 Rxa2 29. Rb3 Ra1 30. Nc3 Rxf1+ 31. Kg2 Bd6 32. Rb5 Rc1 33. Ne2 Ne1+ 34. Kh3 0-1

[Event "Mittelrhein Regionalliga 16/17"]
[Site "Nordrheinwestfalen"]
[Date "2017.04.09"]
[Round "10.5"]
[White "Huelsmann, Josef"]
[Black "Meyer, Mario"]
[Result "1/2-1/2"]
[WhiteElo "2125"]
[BlackElo "2037"]
[PlyCount "78"]
[EventDate "2016.09.11"]
[EventType "team-tourn"]
[EventRounds "11"]
[EventCountry "GER"]
[SourceTitle "EXT 2022"]
[Source "ChessBase"]
[SourceDate "2021.10.06"]
[SourceVersion "1"]
[SourceVersionDate "2021.10.06"]
[SourceQuality "1"]
[WhiteTeam "Langenfeld"]
[BlackTeam "Aachen SV II"]
[WhiteTeamCountry "GER"]
[BlackTeamCountry "GER"]

1. d4 d5 2. Nf3 e6 3. c4 c6 4. Qc2 Bd6 5. g3 f5 6. Bg2 Nf6 7. Bf4 0-0 8. Nbd2 Bxf4 9. gxf4 Ne4 10. e3 Qa5 11. 0-0 Nxd2 12. Nxd2 Nd7 13. a3 Nf6 14. b4 Qd8 15. Nf3 Bd7 16. Ne5 a6 17. Rfc1 g6 18. a4 Qe7 19. cxd5 exd5 20. Qc5 Qxc5 21. Rxc5 Rfd8 22. Bf1 Ne4 23. Rc2 Be8 24. Bd3 Nd6 25. a5 Kg7 26. f3 Kf6 27. Kf2 Rac8 28. h4 Nf7 29. Rh1 Nd6 30. Rcc1 h5 31. Rhg1 Rc7 32. Rg5 Rg7 33. Rcg1 Bf7 34. Ke2 Be8 35. Kd2 Rc8 36. Kc3 Rcc7 37. Kb3 Rce7 38. Rc1 Rc7 39. Rg2 Rce7 1/2-1/2

[Event "GER-chA Seniors 28th"]
[Site "Niederhausen"]
[Date "2016.08.19"]
[Round "7"]
[White "Werner, Clemens"]
[Black "Huelsmann, Josef"]
[Result "1/2-1/2"]
[WhiteElo "2300"]
[BlackElo "2192"]
[PlyCount "62"]
[EventDate "2016.08.13"]
[EventType "swiss"]
[EventRounds "9"]
[EventCountry "GER"]
[SourceTitle "EXT 2019"]
[Source "ChessBase"]
[SourceDate "2018.10.10"]
[SourceVersion "1"]
[SourceVersionDate "2018.10.10"]
[SourceQuality "1"]

1. e4 e6 2. d4 d5 3. Nc3 Nf6 4. e5 Nfd7 5. f4 c5 6. Nf3 Nc6 7. Be3 cxd4 8. Nxd4 Be7 9. Qd2 a6 10. Bd3 Qc7 11. 0-0 0-0 12. Qf2 Nc5 13. Nxc6 Qxc6 14. Kh1 Bd7 15. Rad1 Nxd3 16. Rxd3 f5 17. Rc1 Rac8 18. a3 b5 19. Ne2 a5 20. Nd4 Qa6 21. Nb3 Rc4 22. Rd4 Rfc8 23. c3 R4c7 24. Rdd1 b4 25. cxb4 Ba4 26. Rxc7 Rxc7 27. Rc1 Rxc1+ 28. Nxc1 axb4 29. axb4 Bxb4 30. h3 Qc4 31. Ne2 Qc2 1/2-1/2

[Event "WchT Seniors 50"]
[Site "Radebeul"]
[Date "2016.07.01"]
[Round "6.11"]
[White "Mai, Iris"]
[Black "Huelsmann, Josef"]
[Result "1/2-1/2"]
[WhiteElo "2094"]
[BlackElo "2211"]
[PlyCount "184"]
[EventDate "2016.06.26"]
[EventType "team-swiss"]
[EventRounds "9"]
[EventCountry "GER"]
[SourceTitle "CBM 173 Extra"]
[Source "ChessBase"]
[SourceDate "2016.08.29"]
[SourceVersion "1"]
[SourceVersionDate "2016.08.29"]
[SourceQuality "1"]
[WhiteTeam "Germany (Women)"]
[BlackTeam "Monheim"]
[WhiteTeamCountry "GER"]
[BlackTeamCountry "GER"]

1. d4 e6 2. c4 d5 3. Nc3 c5 4. e3 Nf6 5. cxd5 exd5 6. Bb5+ Nc6 7. Nge2 a6 8. Bxc6+ bxc6 9. dxc5 Bxc5 10. 0-0 0-0 11. h3 Re8 12. b3 Qd6 13. Bb2 Ba7 14. Nd4 Bb8 15. Nf3 Bf5 16. Ne2 Ne4 17. Nf4 Qh6 18. Qd4 Ba7 19. Qd1 Rad8 20. Nd4 Bd7 21. b4 Bb8 22. Rc1 g5 23. Nh5 Qd6 24. Nf3 g4 25. hxg4 Bxg4 26. Qd4 f6 27. Nxf6+ Nxf6 28. Qxf6 Qxf6 29. Bxf6 Rd6 30. Be5 Rg6 31. Bxb8 Bxf3 32. Bg3 Be2 33. Rfe1 Bb5 34. Red1 Re4 35. Rd4 Rxd4 36. exd4 Rg4 37. Be5 Re4 38. a3 Re2 39. Rc3 Rd2 40. Rg3+ Kf8 41. Rg7 Bd3 42. Rc7 Rc2 43. a4 Kg8 44. Bd6 Rc4 45. Bc5 a5 46. bxa5 Rxa4 47. Bb6 Rc4 48. Bc5 Ra4 49. Ra7 Ra2 50. Bd6 Ra4 51. Be5 Ra2 52. f3 Kf8 53. Kh2 Bf1 54. Rg7 h6 55. Kg1 Bd3 56. Rc7 Rxa5 57. Bg7+ Kg8 58. Bxh6 Ra4 59. Bg7 Ra1+ 60. Kh2 Ra2 61. Be5 Bf1 62. Rg7+ Kf8 63. Kg1 Bd3 64. Rc7 Rc2 65. Ra7 Kg8 66. Ra3 Rd2 67. g4 Kf7 68. f4 Be4 69. Ra7+ Kf8 70. Rg7 Bf3 71. g5 Be4 72. Rd7 Ke8 73. Rd6 Rc2 74. Rf6 Ke7 75. Kf1 Rc1+ 76. Kf2 Rc2+ 77. Ke3 Rc3+ 78. Kd2 Rg3 79. Rxc6 Kf7 80. Rf6+ Kg8 81. Kc1 Rg2 82. Bd6 Kg7 83. Bb4 Rf2 84. Bf8+ Kh7 85. Bb4 Kg7 86. Bd6 Bg6 87. Be5 Be4 88. f5 Kg8 89. Rg6+ Kf8 90. Bd6+ Ke8 91. Rg8+ Kd7 92. Be5 Rxf5 1/2-1/2

[Event "Mittelrhein Regionalliga 15/16"]
[Site "Nordrheinwestfalen"]
[Date "2016.01.31"]
[Round "6.6"]
[White "Huelsmann, Josef"]
[Black "Albrecht, Oliver"]
[Result "0-1"]
[WhiteElo "2133"]
[BlackElo "2056"]
[PlyCount "68"]
[EventDate "2015.09.27"]
[EventType "team-tourn"]
[EventRounds "9"]
[EventCountry "GER"]
[SourceTitle "EXT 2022"]
[Source "ChessBase"]
[SourceDate "2021.10.06"]
[SourceVersion "1"]
[SourceVersionDate "2021.10.06"]
[SourceQuality "1"]
[WhiteTeam "Langenfeld"]
[BlackTeam "Bonn Beuel"]
[WhiteTeamCountry "GER"]
[BlackTeamCountry "GER"]

1. d4 Nf6 2. Nf3 g6 3. g3 Bg7 4. Bg2 0-0 5. 0-0 d5 6. c4 dxc4 7. Na3 c3 8. bxc3 c5 9. Nc4 Nc6 10. Nfe5 Nd5 11. Nxc6 bxc6 12. Bb2 Rb8 13. e4 Ba6 14. exd5 Bxc4 15. Ba3 Bxf1 16. Kxf1 cxd5 17. Bxc5 Qd7 18. Qf3 Rfd8 19. Kg1 e6 20. Ba3 Qa4 21. Be7 Rdc8 22. Bf1 Qc2 23. Bb4 Bf8 24. Ba6 Rc6 25. Bd3 Qb2 26. Rb1 Qxa2 27. Qf4 Rcb6 28. h4 a5 29. h5 axb4 30. hxg6 hxg6 31. Qg5 Qa7 32. c4 Qe7 33. Qe3 dxc4 34. Bxc4 b3 0-1

[Event "GER-chA Seniors 27th"]
[Site "Magdeburg"]
[Date "2015.08.22"]
[Round "8"]
[White "Kannenberg, Karl Heinz"]
[Black "Huelsmann, Josef"]
[Result "0-1"]
[WhiteElo "2208"]
[BlackElo "2196"]
[PlyCount "70"]
[EventDate "2015.08.15"]
[EventType "swiss"]
[EventRounds "9"]
[EventCountry "GER"]
[SourceTitle "EXT 2018"]
[Source "ChessBase"]
[SourceDate "2017.10.13"]
[SourceVersion "1"]
[SourceVersionDate "2017.10.13"]
[SourceQuality "1"]

1. d4 f5 2. Nf3 e6 3. c4 d5 4. Bf4 Nf6 5. e3 c6 6. Bd3 Be7 7. Nc3 0-0 8. Qc2 Bd7 9. Ne5 Be8 10. g4 fxg4 11. h3 g3 12. Bxg3 Nbd7 13. 0-0-0 Bh5 14. Rdg1 Kh8 15. Rh2 c5 16. Rhg2 Rc8 17. Nxd7 Qxd7 18. Be5 Rf7 19. f4 cxd4 20. exd4 Bf8 21. f5 Rxc4 22. Bxc4 dxc4 23. Qf2 exf5 24. Qh4 Bf3 25. Rg3 Bd5 26. Rg6 Ng8 27. Qg5 hxg6 28. Qh4+ Nh6 29. Qxh6+ Kg8 30. Rxg6 f4 31. Bxf4 Qf5 32. Nxd5 Qxd5 33. Be3 c3 34. b3 Qe4 35. Rg1 Qd3 0-1